00795nam a2200205 a 450000100100000000500170001000800410002702000150006804000250008308200150010810000380012324501580016126000340031930000210035349000150037450000710038950000740046070000400053483000150057400004237820201002040121.0131127s1994 sp 000 0 spa d a8433913832 aDO-SdBNPbspacBNPHU axxxbG916a1 aGuarner, José Luis,d1937-1993.10aAutorretrato del cronista /cJosé Luis Guarner ; selección de textos de Lluís Bonet Mojica ... [et al.] ; [prológo de Guillermo Cabrera Infante]. aBarcelona :bAnagrama,c1994. a420 p. ;c22 cm.1 aArgumentos aIncluye datos biográficos del autor en la solapa de la cubierta. aIncluye referencias bibliográficas y notas al pie de las páginas.12aCabrera Infante, Guillermoepról. 0aArgumentos